| 000 | 00981nam a22002537a 4500 | ||
|---|---|---|---|
| 001 | 81304 | ||
| 003 | BD-RjUL | ||
| 005 | 20240118152027.0 | ||
| 008 | 230322s2019 bg a|||| m||| 00| 0 eng d | ||
| 035 | _a(BD-RjUL)81304 | ||
| 040 |
_aBD-RjUL _beng _cBD-RjUL _dBD-RjUL |
||
| 041 | _aeng | ||
| 082 |
_223 _a677 _bRAB 2019 |
||
| 100 |
_aRahman, Sk. Md. Atiqur _97205 |
||
| 245 | 1 | 0 |
_aBioremediation of textile effluent dyes by indigenous bacteria / _cBy Sk. Md. Atiqur Rahman ; _6Principal Supervisor : Ananda Kumar Saha, Co-Supervisor : Moni, Krishno Mohanta. |
| 260 |
_aRajshahi : _bDepartment of Zoology, University of Rajshahi, _c2019. |
||
| 300 |
_a1 -82 leaves : _bill, ; _c29.cm. |
||
| 502 | _aThesis (M. Phil.) -- Department of Zoology, University of Rajshahi, 2019 | ||
| 504 | _aReferences : Leaves 74 - 82 | ||
| 650 | _aTextile | ||
| 700 |
_aSaha, Ananda, Kumar, Principal Supervisor _91945 |
||
| 700 |
_aMohanta, Moni, Krishno, Co-Supervisor _97206 |
||
| 942 |
_2ddc _cTHE |
||
| 999 |
_c81304 _d81304 |
||